| 000 | 01319 a2200217 4500 | ||
|---|---|---|---|
| 003 | Nust | ||
| 005 | 20221212122047.0 | ||
| 010 | _a 00031346 | ||
| 020 | _a812970711X | ||
| 040 | _cNust | ||
| 082 | 0 | 0 | _a621.3821,RAM |
| 100 | 1 |
_aRamteke, Timothy. _9104643 |
|
| 245 | 1 | 0 |
_aNetworks / _cTimothy S. Ramteke. |
| 250 | _a2nd ed. | ||
| 260 |
_aUpper Saddle River, N.J. : _bPrentice Hall, _cc2001. |
||
| 300 |
_axiv, 705 p. _bill. ; _c24 cm. |
||
| 505 | _a Welcome to Telecommunication (Page-1), Basics of Data Networking (Page-23), Analog and Digital Signals (Page-48), Transmission Systems (Page-79), Business Systems (Page-79), Residential Network Services (Page-126), LANs : Basic Concepts (Page-140), TCP/IP : Basic Concepts (Page-206), Switching (Page-222), PSTN (Page-236) Wireless Communication and CDMA (Page-261), Private Switched Networks (Page-294), Voice Processing ACDs and CTI (Page-316), T1 Networking (Page-339) SNA (Page-365), X.25 (Page-396), SS7 (Page-418), ISDN (Page-443), SONET (Page-466), Frame Relay (Page-478), ATM (Page-500), LANS Additional Concepts (Page-519), Bridging and Rounding (Page-563), TCP/ IP Additional Concepts (Page-589), Linux Administration (Page-639), VPNs (Page-672). | ||
| 650 | 0 |
_aComputer networks. _93677 |
|
| 650 | 0 | _aTelecommunication Engineering | |
| 942 |
_2ddc _cBK |
||
| 999 |
_c182638 _d182638 |
||